00936cam a22002532i 450000100060000000300080000600500170001400800410003103500190007204000280009104100130011908200220013210000140015424501240016826000930029230000440038549000360042950000510046550000240051650400510054065000210059170000410061283000290065326517BD-RjUL20211209051028.0140322m19711963enka 001 0 eng d a(BD-RJUL)26587 aCSLcCSLdOCLdEQObeng0 aengagrc a930bDID V-6 19540 aDiodorus,10aDiodorus of Sicily /cDiodorus, Siculus ; with an English translation by C. H. OldfathernVolume. VIpBooks XIV-XV, 19 aLondon :bWilliam Heinemann Ltd. ;aCambridge, Mass. :bHarvard University Press,c1954 avi, 379 + 10 P. :bill. , map ;c17 cm1 aLoeb classical library ;v279,  a"Parallel Greek text and English translation." a"In Twelve Volumes" aIncludes bibliographical references and index 0aHistory, Ancient1 aOldfather, Charles Henry, tr.d1887- 0aLoeb classical library ;